[Event "Pan-Armenian Olym"]
[Site "Yerevan ARM"]
[Date "2010.08.19"]
[EventDate "?"]
[Round "5"]
[Result "1/2-1/2"]
[White "Tatev Abrahamyan"]
[Black "Narek Seferjan"]
[WhiteElo "2310"]
[BlackElo "2441"]
[PlyCount "151"]

1. e4 e6 2. d4 d5 3. e5 c5 4. c3 Nc6 5. Nf3 Qb6 6. a3 Bd7
7. b4 cxd4 8. cxd4 Rc8 9. Bb2 Nh6 10. Nc3 Nf5 11. Na4 Qd8
12. Bd3 Be7 13. Nc5 Rc7 14. O-O O-O 15. Rc1 Nb8 16. Qb3 Bc8
17. Bb1 b6 18. Nd3 Rxc1 19. Rxc1 Qd7 20. Nf4 Bb7 21. Nh5 Rc8
22. g4 Nh6 23. Qe3 Nxg4 24. Qf4 f5 25. exf6 e.p. Nxf6 26. Qg5
Ne8 27. Qg4 Bf6 28. Nf4 Rxc1+ 29. Bxc1 Bc8 30. Bxh7+ Kxh7
31. Qh5+ Kg8 32. Ng6 Nc6 33. b5 e5 34. bxc6 Qg4+ 35. Qxg4 Bxg4
36. Nfxe5 Bf5 37. Nf4 Nc7 38. Be3 Kf8 39. Bd2 a5 40. Nfd3 Ke7
41. Nf4 Kd6 42. Ne2 Ne6 43. f4 Bc2 44. Be3 Nc7 45. Kf2 Nb5
46. Bc1 Na7 47. Nc3 b5 48. Bd2 b4 49. axb4 axb4 50. Ne2 b3
51. Bb4+ Kc7 52. Ba5+ Kc8 53. Bc3 Nb5 54. Bb2 Be7 55. Nc1 Ba3
56. Ncd3 Bxd3 57. Nxd3 Bxb2 58. Nxb2 Nxd4 59. Ke3 Nxc6 60. Kd3
Kd7 61. Kc3 Ke6 62. Kxb3 Kf5 63. Nd3 Ke4 64. Nc5+ Ke3 65. Kc2
Nd4+ 66. Kd1 Kxf4 67. Kd2 Nf3+ 68. Ke2 Ng5 69. h4 Nf3 70. Ne6+
Ke5 71. Nxg7 Nxh4 72. Ne8 d4 73. Nc7 Ng6 74. Nb5 Nf4+ 75. Kd2
d3 76. Ke3 1/2-1/2

[Event "20th Metropolitan IM"]
[Site "Los Angeles USA"]
[Date "2012.07.11"]
[EventDate "2012.07.11"]
[Round "1"]
[Result "1/2-1/2"]
[White "Andranik Matikozian"]
[Black "Tatev Abrahamyan"]
[WhiteElo "2407"]
[BlackElo "2320"]
[PlyCount "31"]

1. g3 Nf6 2. Bg2 g6 3. e4 d6 4. d4 Bg7 5. Nc3 O-O 6. Nge2 Nbd7
7. h3 e5 8. Be3 Re8 9. O-O exd4 10. Bxd4 a6 11. f4 Rb8 12. Ba7
Ra8 13. Bf2 Rb8 14. g4 b5 15. Bh4 Bb7 16. a3 1/2-1/2

[Event "20th Metropolitan IM"]
[Site "Los Angeles USA"]
[Date "2012.07.12"]
[EventDate "2012.07.11"]
[Round "2"]
[Result "1/2-1/2"]
[White "Tatev Abrahamyan"]
[Black "Garuch Manukian"]
[WhiteElo "2320"]
[BlackElo "2276"]
[PlyCount "84"]

1. e4 e5 2. Nf3 Nf6 3. Nxe5 d6 4. Nf3 Nxe4 5. Nc3 Nxc3 6. dxc3
Be7 7. Bf4 Nc6 8. Qd2 Bg4 9. O-O-O Bxf3 10. gxf3 O-O 11. Rg1
Bf6 12. Bd3 Ne5 13. Be4 Rb8 14. Bxe5 Bxe5 15. f4 Bf6 16. Qd3
g6 17. h4 Bg7 18. h5 Qf6 19. Kb1 b5 20. Rg4 Rfe8 21. Rdg1 Re7
22. f5 b4 23. hxg6 fxg6 24. Qc4+ Kh8 25. fxg6 h6 26. Rh1 bxc3
27. b3 Qxf2 28. Rgh4 Qe3 29. a3 Rbe8 30. Bc6 Rf8 31. Qg4 Qd2
32. Be4 d5 33. Bd3 Re1+ 34. Ka2 Rxh1 35. Rxh1 c5 36. Qe6 Qg5
37. Qd6 c4 38. bxc4 dxc4 39. Bxc4 Rd8 40. Qc7 Rf8 41. Qd6 Qf6
42. Qd3 Rb8 1/2-1/2

[Event "20th Metropolitan IM"]
[Site "Los Angeles USA"]
[Date "2012.07.12"]
[EventDate "2012.07.11"]
[Round "3"]
[Result "1/2-1/2"]
[White "Larry Remlinger"]
[Black "Tatev Abrahamyan"]
[WhiteElo "2333"]
[BlackElo "2320"]
[PlyCount "52"]

1. d4 Nf6 2. c4 g6 3. Nc3 Bg7 4. e4 d6 5. Nge2 Nbd7 6. f3 c6
7. Be3 O-O 8. Qd2 a6 9. a4 a5 10. Nc1 e5 11. d5 cxd5 12. cxd5
b6 13. Bb5 Nh5 14. Nd3 Nc5 15. Nxc5 bxc5 16. Bc6 Ra6 17. Bg5
f6 18. Bh4 Nf4 19. g3 Nh5 20. g4 Nf4 21. Bb5 Ra7 22. Bc4 Qb6
23. Nb5 Rb7 24. O-O-O Bd7 25. Kb1 Rfb8 26. Be1 Ra8 1/2-1/2

[Event "20th Metropolitan IM"]
[Site "Los Angeles USA"]
[Date "2012.07.13"]
[EventDate "2012.07.11"]
[Round "5"]
[Result "1/2-1/2"]
[White "Tatev Abrahamyan"]
[Black "Kesav Viswanadha"]
[WhiteElo "2320"]
[BlackElo "2015"]
[PlyCount "48"]

1. e4 c5 2. Nf3 d6 3. d4 cxd4 4. Nxd4 Nf6 5. Nc3 a6 6. Be3 e5
7. Nb3 Be6 8. Qd2 Be7 9. O-O-O Ng4 10. g3 Nxe3 11. Qxe3 Nd7
12. f4 b5 13. Kb1 b4 14. Nd5 Bxd5 15. exd5 O-O 16. Bh3 Bf6
17. Nd2 exf4 18. gxf4 Nc5 19. Nc4 Qc7 20. Rhe1 Na4 21. Qd3 Nc5
22. Qf5 Na4 23. Qd3 Nc5 24. Qf5 Na4 1/2-1/2

[Event "20th Metropolitan IM"]
[Site "Los Angeles USA"]
[Date "2012.07.14"]
[EventDate "2012.07.11"]
[Round "7"]
[Result "0-1"]
[White "Tatev Abrahamyan"]
[Black "Zhanibek Amanov"]
[WhiteElo "2320"]
[BlackElo "2384"]
[PlyCount "74"]

1. e4 e5 2. Nf3 Nc6 3. Bc4 Bc5 4. O-O Nf6 5. d3 d6 6. c3 a6
7. Bb3 Ba7 8. Nbd2 O-O 9. h3 Be6 10. Bc2 d5 11. Re1 dxe4
12. dxe4 Qe7 13. Nf1 Rad8 14. Qe2 Ne8 15. Be3 Bxe3 16. Nxe3 f6
17. Nd5 Qf7 18. Rad1 Nd6 19. c4 Nb8 20. c5 Nc8 21. a3 c6
22. Ne3 a5 23. b4 axb4 24. axb4 Na6 25. Rb1 Ne7 26. Kh2 Nc7
27. Bd3 Ng6 28. g3 Bxh3 29. Nf5 Bxf5 30. exf5 Ne7 31. Kg2 Ncd5
32. Qc2 Ra8 33. Nd2 Ra3 34. Nc4 Rc3 35. Qe2 Nxf5 36. Bxf5 Rxc4
37. Qxc4 Ne3+ 0-1

[Event "20th Metropolitan IM"]
[Site "Los Angeles USA"]
[Date "2012.07.15"]
[EventDate "2012.07.11"]
[Round "9"]
[Result "1-0"]
[White "Tatev Abrahamyan"]
[Black "William Mark Duckworth"]
[WhiteElo "2320"]
[BlackElo "2302"]
[PlyCount "43"]

1. e4 Nc6 2. Nf3 e6 3. d4 d5 4. e5 b6 5. c3 Qd7 6. Bd3 h6
7. O-O Bb7 8. Nbd2 Nge7 9. Re1 O-O-O 10. b4 Kb8 11. Nb3 Nc8
12. a4 f5 13. a5 Qf7 14. Rb1 g5 15. Nc5 Bxc5 16. dxc5 d4
17. axb6 a6 18. c4 cxb6 19. b5 N6a7 20. cxb6 Nxb6 21. bxa6
Bxf3 22. Qxf3 1-0

[Event "Reykjavik Open"]
[Site "Reykjavik ISL"]
[Date "2016.03.14"]
[EventDate "2016.03.08"]
[Round "8.29"]
[Result "0-1"]
[White "Tatev Abrahamyan"]
[Black "Bjorn Thorfinnsson"]
[WhiteElo "2324"]
[BlackElo "2410"]
[PlyCount "88"]

1. e4 e5 2. Nf3 Nc6 3. Bc4 Nf6 4. d3 h6 5. O-O g6 6. d4 Nxe4
7. dxe5 Nc5 8. Nc3 Bg7 9. Be3 Ne6 10. Qd2 g5 11. h3 O-O
12. Qd5 b6 13. Qe4 Re8 14. Rad1 Bb7 15. h4 Nxe5 16. Bd5 c6
17. Nxe5 cxd5 18. Qf5 Qf6 19. Qxf6 Bxf6 20. Nxd7 Bxc3 21. bxc3
Red8 22. Nf6+ Kg7 23. hxg5 hxg5 24. Nh5+ Kg6 25. g4 d4
26. Bxd4 Bf3 27. Rd2 Bxg4 28. Ng3 Bf3 29. Re1 Re8 30. Re5 f6
31. Re3 g4 32. c4 f5 33. Nf1 Ng5 34. Bb2 f4 35. Rd6+ Kh5
36. Rb3 Rac8 37. Bg7 Re6 38. Rxe6 Nxe6 39. Be5 Bc6 40. Rd3 Ng5
41. Nh2 Re8 42. Bc3 Re2 43. Kf1 Rxc2 44. Bd2 g3 0-1

[Event "Reykjavik Open"]
[Site "Reykjavik ISL"]
[Date "2016.03.15"]
[EventDate "2016.03.08"]
[Round "9.36"]
[Result "0-1"]
[White "Henrik Emil Bruun"]
[Black "Tatev Abrahamyan"]
[WhiteElo "2123"]
[BlackElo "2324"]
[PlyCount "76"]

1. e4 e6 2. d4 d5 3. e5 c5 4. c3 Nc6 5. Nf3 Bd7 6. a3 Rc8
7. b4 cxd4 8. cxd4 Qb6 9. Be3 Nh6 10. Bd3 Ng4 11. O-O Nxe3
12. fxe3 g6 13. Nc3 Bh6 14. Qe1 Ne7 15. Nd1 Bb5 16. Bxb5+ Qxb5
17. Nf2 Nf5 18. Ng4 Bg7 19. Nh4 O-O 20. Nf6+ Bxf6 21. Nxf5
exf5 22. exf6 Qd3 23. Qg3 Rfe8 24. Rf3 Rc6 25. Qg5 Ree6
26. Raf1 Rxf6 27. g4 Qxa3 28. h4 Qxb4 29. Rxf5 Rxf5 30. gxf5
Qd6 31. f6 Rc2 32. Rf2 Rxf2 33. Kxf2 h6 34. Qxh6 Qxf6+ 35. Ke2
b5 36. h5 Qh4 37. Kd3 Qxh5 38. Qf4 Qf5+ 0-1

[Event "Reykjavik Open"]
[Site "Reykjavik ISL"]
[Date "2016.03.16"]
[EventDate "2016.03.08"]
[Round "10.29"]
[Result "1-0"]
[White "Tatev Abrahamyan"]
[Black "Marina Brunello"]
[WhiteElo "2324"]
[BlackElo "2363"]
[PlyCount "99"]

1. e4 c5 2. Nf3 d6 3. d4 cxd4 4. Nxd4 Nf6 5. Nc3 a6 6. f3 e5
7. Nb3 Be7 8. Be3 Be6 9. Qd2 O-O 10. O-O-O a5 11. a4 Nc6
12. g4 Nb4 13. Kb1 Rc8 14. g5 Nh5 15. Rg1 f5 16. gxf6 Rxf6
17. Bg5 Rf7 18. Bxe7 Qxe7 19. Qxd6 Qf6 20. Nc5 Nf4 21. Nxe6
Nxe6 22. Bh3 Re8 23. Nb5 Nc6 24. Bxe6 Qxe6 25. Qxe6 Rxe6
26. Rd3 Rh6 27. Nd6 Rc7 28. Rg2 Rh3 29. Rc3 Rd7 30. Nxb7 Nb4
31. Rc8+ Kf7 32. Nd8+ Kf6 33. b3 Rxf3 34. Nc6 Re3 35. Rf2+ Kg5
36. Nxb4 axb4 37. Rc4 Rd4 38. Rf5+ Kg4 39. Rxd4 exd4 40. Rb5
Rxe4 41. Rxb4 g5 42. a5 Kh3 43. a6 Re8 44. a7 Ra8 45. Rb7 h5
46. Rh7 h4 47. b4 Kxh2 48. b5 h3 49. b6 Kg2 50. Rh5 1-0

[Event "St Louis Autumn GM"]
[Site "St Louis, MO USA"]
[Date "2016.11.18"]
[EventDate "2016.11.17"]
[Round "2.5"]
[Result "0-1"]
[White "Tatev Abrahamyan"]
[Black "Akshat Chandra"]
[WhiteElo "2364"]
[BlackElo "2509"]
[PlyCount "82"]

1. e4 e6 2. d4 d5 3. Nd2 Be7 4. Ngf3 Nf6 5. e5 Nfd7 6. Bd3 c5
7. c3 b6 8. Qe2 a5 9. O-O Ba6 10. Bxa6 Nxa6 11. Rd1 Nc7
12. Nf1 c4 13. a4 b5 14. axb5 a4 15. Qc2 Nb6 16. Ng3 Nxb5
17. Nh5 g6 18. Ng3 h5 19. Ne2 Kd7 20. Be3 g5 21. Nd2 Qg8
22. f4 gxf4 23. Nxf4 Qh7 24. Qc1 Rhg8 25. Rf1 h4 26. Nf3 h3
27. g3 Ra6 28. Rf2 Rga8 29. Qf1 a3 30. bxa3 Rxa3 31. Rxa3 Rxa3
32. Nxh3 Qd3 33. Bg5 Qxf1+ 34. Rxf1 Rxc3 35. Bxe7 Kxe7
36. Nfg5 Nxd4 37. Rxf7+ Ke8 38. Rb7 Rb3 39. Nf4 c3 40. Rc7 c2
41. Kf2 Nc4 0-1

[Event "St Louis Autumn GM"]
[Site "St Louis, MO USA"]
[Date "2016.11.19"]
[EventDate "2016.11.17"]
[Round "4.4"]
[Result "1/2-1/2"]
[White "Tatev Abrahamyan"]
[Black "Cyril Ponizil"]
[WhiteElo "2364"]
[BlackElo "2504"]
[PlyCount "114"]

1. e4 c5 2. Nf3 e6 3. d4 cxd4 4. Nxd4 a6 5. Nc3 b5 6. Bd3 Qb6
7. Nf3 Qc7 8. O-O Bb7 9. Re1 Be7 10. e5 f5 11. Nh4 g6 12. Nf3
Nc6 13. a4 b4 14. Nb1 Bc5 15. Nbd2 Na5 16. Nf1 Rc8 17. Bf4 Qb6
18. Qe2 h6 19. h4 Ne7 20. Rad1 Kf7 21. Be3 Nd5 22. Bxc5 Rxc5
23. Ne3 Nf4 24. Qd2 Bxf3 25. gxf3 Nd5 26. Bf1 Nc6 27. Nxd5
Rxd5 28. Qc1 Nxe5 29. Bg2 Rxd1 30. Qxd1 d6 31. Qd2 Nd7 32. a5
Qc7 33. Qxb4 Rb8 34. Qd2 Rxb2 35. Qxh6 Nf6 36. Qe3 e5 37. Bf1
f4 38. Qa3 Rb8 39. Bxa6 Ra8 40. Qb3+ Kg7 41. Bd3 Rxa5 42. Rb1
Ra7 43. Qb6 Qxb6 44. Rxb6 Rd7 45. c4 Ne8 46. Kf1 Nf6 47. Ke2
Rd8 48. Rc6 d5 49. cxd5 Rxd5 50. Rb6 Ra5 51. Rb7+ Kh6 52. Rb6
Ra2+ 53. Ke1 Ra1+ 54. Ke2 Ra2+ 55. Ke1 Kg7 56. Rb7+ Kh6
57. Rb6 Kg7 1/2-1/2

[Event "St Louis Autumn GM"]
[Site "St Louis, MO USA"]
[Date "2016.11.20"]
[EventDate "2016.11.17"]
[Round "7.4"]
[Result "1-0"]
[White "Kannappan Priyadharshan"]
[Black "Tatev Abrahamyan"]
[WhiteElo "2520"]
[BlackElo "2364"]
[PlyCount "77"]

1. e4 e6 2. d4 d5 3. exd5 exd5 4. Nf3 Bg4 5. h3 Bh5 6. Qe2+
Qe7 7. Be3 Nc6 8. Nc3 O-O-O 9. g4 Bg6 10. O-O-O f6 11. a3 Qd7
12. Nd2 Na5 13. f4 a6 14. Bg2 Qc6 15. f5 Bf7 16. Qd3 Ne7
17. Rhf1 Kb8 18. h4 g6 19. b4 Nc4 20. Qxc4 dxc4 21. Bxc6 Nxc6
22. fxg6 hxg6 23. Rxf6 Rd7 24. Rdf1 Nd8 25. Nf3 Bg7 26. Ne5
Re7 27. Nxf7 Nxf7 28. Rxf7 Rxe3 29. Nd5 Bxd4 30. Nxe3 Bxe3+
31. Kb1 Rxh4 32. Re7 Bd2 33. Rf8+ Ka7 34. Rxc7 Rxg4 35. Kb2
Bf4 36. Rxc4 Be5+ 37. Kb3 Rg3+ 38. c3 g5 39. a4 1-0

[Event "PRO Chess League (Pacific)"]
[Site "chess.com INT"]
[Date "2017.01.25"]
[EventDate "2017.01.11"]
[Round "3"]
[Result "1-0"]
[White "Tatev Abrahamyan"]
[Black "Jason Cigan"]
[WhiteElo "2327"]
[BlackElo "2100"]
[PlyCount "55"]

1. e4 c5 2. Nf3 d6 3. d4 cxd4 4. Nxd4 Nf6 5. Nc3 a6 6. f3 e6
7. Be3 b5 8. Qd2 Nbd7 9. g4 h6 10. a3 Bb7 11. O-O-O Nb6 12. h4
Qc7 13. Rg1 d5 14. g5 hxg5 15. hxg5 Nfd7 16. g6 Nc5 17. gxf7+
Qxf7 18. exd5 Nxd5 19. Nxd5 Bxd5 20. Re1 O-O-O 21. Bf4 Be7
22. Qe3 Rh4 23. Be5 Kb7 24. Rxg7 Qf8 25. Qg5 Rd7 26. Rxe7 Qxe7
27. Bf6 Qh7 28. Qxh4 1-0

[Event "PRO Chess League (Pacific)"]
[Site "chess.com INT"]
[Date "2017.01.25"]
[EventDate "2017.01.11"]
[Round "3"]
[Result "1/2-1/2"]
[White "Nick John Raptis"]
[Black "Tatev Abrahamyan"]
[WhiteElo "2262"]
[BlackElo "2327"]
[PlyCount "172"]

1. Nf3 Nf6 2. d4 e6 3. Bf4 Be7 4. e3 b6 5. h3 Bb7 6. Be2 O-O
7. O-O c5 8. c3 cxd4 9. exd4 d6 10. a4 a6 11. Nbd2 Nbd7
12. Nc4 Qc7 13. Ne3 Rfe8 14. Qb3 Bf8 15. Bh2 Nd5 16. Nxd5 Bxd5
17. c4 Bc6 18. Qc3 Qb7 19. b4 a5 20. b5 Be4 21. Bd3 Nf6
22. Bxe4 Nxe4 23. Qd3 Rac8 24. Rac1 d5 25. Ne5 dxc4 26. Nxc4
Red8 27. Ne5 Rxc1 28. Rxc1 Qd5 29. Nc6 Rd7 30. Bf4 f6 31. Qc4
Qxc4 32. Rxc4 Bd6 33. Be3 Bc7 34. f3 Nd6 35. Rc2 Nf5 36. Bf2
Kf7 37. g4 Ne7 38. Nxe7 Kxe7 39. Rc6 Bd8 40. Kf1 Rd5 41. Ke2
Kd7 42. Kd3 Bc7 43. Be3 h5 44. Bf2 hxg4 45. hxg4 Rg5 46. Be3
Rd5 47. Rc1 Kd8 48. Rh1 Ke7 49. Rh8 Bd8 50. Rg8 Kf7 51. Rh8
Ke7 52. Rg8 Kf7 53. Rh8 Ke7 54. Bf2 Kf7 55. Ke4 Ke7 56. Be3
Kf7 57. f4 Rd7 58. f5 exf5+ 59. gxf5 Re7+ 60. Kd3 Rd7 61. Kc4
Rc7+ 62. Kd3 Rd7 63. Bf4 Be7 64. Rb8 Bc5 65. Be3 g6 66. fxg6+
Kxg6 67. Ke4 Re7+ 68. Kf3 Bb4 69. Rxb6 Rd7 70. Rc6 Kf5 71. b6
Bd6 72. Bd2 Bh2 73. Bxa5 Rxd4 74. Rc5+ Kg6 75. Rb5 Rxa4 76. b7
Bb8 77. Bb6 Rc4 78. Be3 Rc3 79. Ke4 f5+ 80. Rxf5 Rxe3+
81. Kxe3 Kxf5 82. Kd4 Ke6 83. Kc5 Kd7 84. Kb6 Kd6 85. Ka6 Kc6
86. Ka5 Kxb7 1/2-1/2